[Event "OMA-ch 11th"]
[Site "Muscat"]
[Date "2024.01.24"]
[Round "1"]
[White "Al Yahmedi, Ahmed"]
[Black "Al Jabri, Rashid"]
[Result "0-1"]
[WhiteElo "1096"]
[BlackElo "1740"]
[PlyCount "100"]
[EventDate "2024.01.24"]
[EventType "swiss"]
[EventRounds "9"]
[EventCountry "OMN"]
[SourceTitle "CB06_2024"]
[SourceDate "2024.02.07"]
[SourceVersion "1"]
[SourceVersionDate "2024.02.07"]
[SourceQuality "1"]

1. e4 c5 2. Nf3 d6 3. Nc3 Nf6 4. Bc4 e6 5. d4 cxd4 6. Nxd4 a6 7. a3 b5 8. Ba2 Bb7 9. Bg5 Be7 10. f3 Nxe4 11. Bxe7 Nxc3 12. Bxd8 Nxd1 13. Rxd1 Kxd8 14. 0-0 Ke7 15. f4 g6 16. g4 Nd7 17. f5 gxf5 18. gxf5 Rhg8+ 19. Kf2 Rg2+ 20. Ke1 Rf8 21. Rd2 Rfg8 22. fxe6 fxe6 23. Bxe6 Rxd2 24. Kxd2 Rg2+ 25. Kc3 Ne5 26. Ba2 Be4 27. Re1 Bg6 28. Nc6+ Kf6 29. Nxe5 dxe5 30. Bb3 Rxh2 31. Rd1 a5 32. Rd6+ Kf5 33. a4 b4+ 34. Kc4 Bf7+ 35. Kb5 Bxb3 36. cxb3 Rxb2 37. Kxa5 Rxb3 38. Rh6 Rb1 39. Rxh7 b3 40. Kb4 b2 41. Ka3 Ra1+ 42. Kxb2 Rxa4 43. Kc2 Rd4 44. Kc3 Rd6 45. Rh3 e4 46. Re3 Kf4 47. Re1 Kf3 48. Kc2 e3 49. Rd1 Rd5 50. Rd2 Rxd2+ 0-1